000 01005nam0a2200301 4500
001 RU\NLR\BIBL_A\011512370
005 20240727043357.0
010 _a9785919189053
_9500
021 _aRU
_b2017-74535
_95314
035 _a(RuMoRGB)009410146
035 _a(NLR Aleph) 011512370
090 _a12054057
_c12054057
100 _a20171102d2017 y0rusy50 ca
101 0 _arus
102 _aRU
105 _aa z 00ygy
200 1 _aМатери, будьте благословенны
_e[сборник стихов]
_fВалерий Геворков
205 _aИзд. 4-е
210 _aСанкт-Петербург
_cРеноме
_d2017
215 _a94, [1] с.
_cцв. ил., портр.
_d15
686 _aШ5(2=Р)64-65я44
_2rubbk
686 2 _aШ6(2=Р)8-5
700 1 _aГеворков
_bВ. А.
_gВалерий Амаякович
942 _cBOOK
980 _aNBR